01650cam a2200301 a 4500001000800000005001700008008004100025010001700066020001500083040001800098043001200116050001800128082002000146100004600166245010800212260006400320300003100384440003800415504006400453505048700517650003101004650003301035650002601068651004701094651004701141856008601188856007401274294455720210414113922.0900713s1991    enka     b    001 0 eng    a   90044287   a0521400341  aDLCcDLCdDLC  ae-uk---00aHD5765.A6 W6900a331.13/79412201 aWorswick, G. D. N.q(George David Norman)10aUnemployment :a problem of policy : analysis of British experience and prospects /cby G.D.N. Worswick.  aCambridge ;aNew York :bCambridge University Press,c1991.  axiv, 280 p.:bill.;c24cm. 0aEconomic and social studies ;v35  aIncludes bibliographical references (p. 268-274) and index.  aContent :Concepts and measurements -- Technology and unemployment -- The Impact of information technology -- Structural unemployment -- The Regional problem -- Who will provide the jobs --  Wages and unemployment -- Wage subsidies -- Profit sharing -- Income policy -- The Theoretical background -- Evidence relating to the economy -- Evidence relating to policy -- Reflections on macroeconomic policy -- Theory and institutions -- The External constraint -- The European dimension. 0aUnemployedzGreat Britain. 0aUnemploymentzGreat Britain. 0aWageszGreat Britain. 0aGreat BritainxEconomic policyy1964-1979. 0aGreat BritainxEconomic policyy1979-1997.423Publisher descriptionuhttp://www.loc.gov/catdir/description/cam024/90044287.html413Table of contentsuhttp://www.loc.gov/catdir/toc/cam021/90044287.html